| 000 | 01704nam a2200313 a 4500 | ||
|---|---|---|---|
| 003 | BLK | ||
| 005 | 20240702113704.0 | ||
| 008 | 180412b bul|||||r ||||||| ||bul|| | ||
| 020 | _a978-619-00-1577-2 | ||
| 040 | _aBLK | ||
| 041 |
_aBUL _cBUL |
||
| 080 |
_aБългарска литература _b821.163.2.09 _z821.163.2.09 |
||
| 084 | _aК 30 | ||
| 100 |
_aКарадочев, Иван Цочев _9255415 _d1951 - 2021 |
||
| 245 |
_aЗа литературата, живота и всичко останало _cИван Карадочев ; ред. кол. Христо Трендафилов и др. |
||
| 257 | _aBGR | ||
| 260 |
_aВ. Търново _bФабер _c2022 _9209950 _n978-619-00- ; 978-954-400- ; 978-954-775- ; 954-9541- |
||
| 300 |
_a358 с. _c24 см |
||
| 380 | _a82 | ||
| 500 | _aДруги ред.: Теменуга Тенева, Владимир Диловски, Николай Калев, Надежда Романова. - Обратният епос на критика / Христо Трендафилов: с. 7-23 ; Паметно: с. 316-350 ; Биогр. справка: с. 351. - Съдържа интервюта от: Атанас Бонев, Надежда Романова, Антоний Димов, Николай Калев, Станчо Пенчев | ||
| 650 | 0 |
_aБългарска литература - история и критика _9287605 |
|
| 650 | 0 |
_aБългария - литературознание _9244446 |
|
| 852 | _aЦб 317692 | ||
| 852 |
_bП _c821.163.2.09/К 30 И |
||
| 942 |
_cKNG _n0 _s1 |
||
| 944 |
_aCR _c2023-05-05 _k30560 _lГеновева Генчева |
||
| 944 |
_aED _c2024-07-02 _kГГГ |
||
| 999 |
_c491133 _d491133 |
||